000 00250nam a2200109Ia 4500
008 221009s9999 xx 000 0 und d
082 _a080
100 _aVIvekananda,Swami
_979595
245 0 _a365 Quotes
260 _bCorporate Om Books
942 _cBK
999 _c64963
_d64963